| 000 | 01068nam a22002894a 4500 | ||
|---|---|---|---|
| 005 | 20050328093435.0 | ||
| 008 | 030821s2004 wiua 001 0deng | ||
| 010 | _aENG-92425 | ||
| 020 |
_a9780070090583 _c210.00 |
||
| 020 |
_a0070090580 _c210.00 |
||
| 035 | _aEN-75958 | ||
| 037 | _bDBAD / PUB | ||
| 040 |
_adpl _bEnglish |
||
| 082 | _a650.144 | ||
| 100 | _aHari Mohan Prasad | ||
| 245 |
_aHow to prepare for group discussion and interview / _cby Hari Mohan Prasad [and] Rajnish Mohan |
||
| 250 | _a2nd ed | ||
| 260 |
_aNew Delhi _bTata McGraw-Hill Publishing _c2009 |
||
| 270 |
_a7 West Patel Nagar _bNew Delhi _e110008 |
||
| 300 |
_axvi, 224p. _c23cm (pbk) _eCD-ROM |
||
| 490 | _aTata McGraw-Hill winning we edge series | ||
| 650 | _aDiscussion | ||
| 650 | _aEmployment interviewing. | ||
| 700 | _aRajnish Mohan | ||
| 942 |
_2ddc _cEN _mPRA _h650.144 |
||
| 999 |
_c20782 _d20782 |
||